000 00554nam a2200217Ia 4500
003 OSt
005 20220928144559.0
006 a|||||r|||| 00| 0
007 ta
008 220927b |||||||| |||| 00| 0 eng d
024 _a72218
037 _cTextual
040 _aSDCL
_cSDCL
_beng
041 _2eng
_aeng
082 _aXM8,62.73'N8, M4
100 _aDale Richard
_9508526
245 0 _aRegulation of international banking.
260 _c1984
942 _hXM8,62.73'N8, M4
_cTEXL
_2CC
999 _c828274
_d828274